1914 1917 1445 1373 1681 1377 1921 1806 1241 1098 1766 1682 1069 1509 1165 1984 1061 1866 1718 1181 1631 1035 1587 1653 1955 1324 1301 1590 1909 1182 1385 1153 1065 1953 1257 1182 1692 1440 1059 1106 1844 1734 1436 1515 1423 1419 1864 1254 1591 1714 1341 1737 1113 1311 1270 1186 1849 1259 1244 1630 1472 1475 1622 1266 1937 1061 1876 1310 1976 1162 1039 1360 1268 1172 1393 1179 1852 1202 1385 1686 1449 1600 1546 1314 1532 1767 1825 1459 1746 1605 1434 1004 1440 1759 1676 1146 1191 1450 1656 BCNSPRNW ULIB Ver.6.0+V

เปลี่ยนเป็นภาษาไทย

Change to English
 แสดงรายละเอียดบรรณานุกรม
  กลับหน้าหลัก

Brief Record : Get Marc (ISO 2709) : E-mail record : QR code < ปิดหน้าต่าง
LEADER : 00000nam a2200000Ia 4500
001    13399125501
003     ULIB
008    160804s2559 th 000 0 tha d
020    ^a9789741959686
040    ^abpy
060 04 ^aQV737^bธ666s
100 0  ^aธีระพงษ์ ศรีศิลป์
245 10 ^aShort note pharmacotherapy โรคในร้านยา ฉบับปรับปรุง พ.ศ. 2559/^cเรียบเรียงโดย ธีระพงษ์ ศรีศิลป์
246 30 ^aโรคในร้านยา
250    ^aพิมพ์ครั้งที่ 1
260    ^aมหาสารคาม :^bคณะเภสัชศาสตร์ มหาวิทยาลัยมหาสารคาม,^c2559
300    ^a188 หน้า ;^c21 ซม.
650  2 ^aCommunity Pharmacy Services
650  2 ^aDrugs^xtherapeutic use
650  2 ^aDrug Therapy
650  4 ^aร้านขายยา
650  4 ^aโรค^xการรักษาด้วยยา
650  4 ^aการรักษาด้วยยา
650  4 ^aยา^xการใช้รักษา
710 2  ^aมหาวิทยาลัยมหาสารคาม.^bคณะเภสัชศาสตร์
945    ^p180^l0^i25146
945    ^p180^l0^i25147
995    ^aกัณชพร
999    ^aกัณชพร
รายการนี้ยังไม่มีแท็ก
คุณยังไม่ได้ล็อกอิน คุณสามารถมีกิจกรรมร่วมกับเว็บไซต์ได้ แต่ต้องล็อกอินก่อน ::
  ล็อกอิน

รายการสื่อสารสนเทศ

ลำดับที่ ประเภท เลขเรียก/บาร์โค้ด สถานที่ สถานะ
1. หนังสือสำรอง
หนังสือสำรอง
สถานะ=หนังสือเก่า
QV737 ธ666s ฉ.1 
  Barcode: 25146
ห้องสมุดวิทยาเขตนครสวรรค์
►ส่วนจัดเก็บหนังสือเก่า นว.
บนชั้น
  ขอยืม
2. วิทยาศาสตร์การแพทย์ และสุขภาพ
วิทยาศาสตร์การแพทย์ และสุขภาพ
สถานะ=หนังสือเก่า
QV737 ธ666s ฉ.2 
  Barcode: 25147
ห้องสมุดวิทยาเขตนครสวรรค์
►ส่วนจัดเก็บหนังสือเก่า นว.
บนชั้น
  ขอยืม

รายการใกล้เคียง
    ผู้แต่ง [ธีระพงษ์ ศรีศิลป์]

    หัวเรื่อง [Community Pharmacy Services]
    หัวเรื่อง [Drug Therapy]
    หัวเรื่อง [ร้านขายยา]
    หัวเรื่อง [การรักษาด้วยยา]

BibComment


ยังไม่เคยถูกคอมเมนท์

คอมเมนท์ทรัพยากรรายการนี้
  คอมเมนท์: Short note pharm..


 Copyright 2026. Bcnsprnw @Library